| 000 | 00450nam a2200145 i 4500 | ||
|---|---|---|---|
| 001 | 57045 | ||
| 003 | ES-MaACL | ||
| 007 | t| | ||
| 008 | 031014s1921 sp ||||1| spa d | ||
| 100 | 1 |
_aDíez y Carbonell, Augusto. _944782 |
|
| 245 | 1 | 0 |
_aIntroducción al estudio del idioma español / _cAugusto Díez y Carbonell. |
| 260 |
_aMadrid : _bRevista de Archivos, Bibliotecas y Museos, _c1921. |
||
| 300 |
_a175 p. ; _c19 cm. |
||
| 852 |
_aES-MaACL _jB-4068 |
||
| 999 |
_c57045 _d57045 |
||